Stratigraphy of the Winnipeg and Deadwood formations in North Dakota. (Record no. 29476)

MARC details
000 -LEADER
fixed length control field 00998cam a22003011 4500
001 - CONTROL NUMBER
control field gs 60000261
003 - CONTROL NUMBER IDENTIFIER
control field DLC
005 - DATE AND TIME OF LATEST TRANSACTION
control field 20260227111409.0
008 - FIXED-LENGTH DATA ELEMENTS--GENERAL INFORMATION
fixed length control field 790424s1960 nduab b s000 0 eng c
010 ## - LIBRARY OF CONGRESS CONTROL NUMBER
LC control number gs 60000261
035 ## - SYSTEM CONTROL NUMBER
System control number (OCoLC)4889029
040 ## - CATALOGING SOURCE
Original cataloging agency U.S. Geol. Survey. Libr.
Transcribing agency MnMohC
Modifying agency DLC
042 ## - AUTHENTICATION CODE
Authentication code premarc
043 ## - GEOGRAPHIC AREA CODE
Geographic area code n-us-nd
050 00 - LIBRARY OF CONGRESS CALL NUMBER
Classification number QE662
Item number .C3
082 ## - DEWEY DECIMAL CLASSIFICATION NUMBER
Classification number 551.724
100 1# - MAIN ENTRY--PERSONAL NAME
Personal name Carlson, C. G.
Fuller form of name (Clarence Gustav)
245 10 - TITLE STATEMENT
Title Stratigraphy of the Winnipeg and Deadwood formations in North Dakota.
260 ## - PUBLICATION, DISTRIBUTION, ETC.
Place of publication, distribution, etc. Grand Forks, N.D.,
Date of publication, distribution, etc. 1960.
300 ## - PHYSICAL DESCRIPTION
Extent vii, 149 p.
Other physical details illus., maps, diagrs., tables (1 in pocket)
Dimensions 23 cm.
410 20 - SERIES STATEMENT/ADDED ENTRY--CORPORATE NAME [OBSOLETE, CAN/MARC], [LOCAL, USA]
Corporate name or jurisdiction name as entry element North Dakota Geological Survey.
Title of a work Bulletin
Volume number/sequential designation 35
504 ## - BIBLIOGRAPHY, ETC. NOTE
Bibliography, etc. note Bibliography: p. 78-84.
650 #0 - SUBJECT ADDED ENTRY--TOPICAL TERM
Topical term or geographic name entry element Geology, Stratigraphic
Chronological subdivision Ordovician.
650 #0 - SUBJECT ADDED ENTRY--TOPICAL TERM
Topical term or geographic name entry element Geology, Stratigraphic
Chronological subdivision Cambrian.
650 #0 - SUBJECT ADDED ENTRY--TOPICAL TERM
Topical term or geographic name entry element Borings
Geographic subdivision North Dakota.
650 #0 - SUBJECT ADDED ENTRY--TOPICAL TERM
Topical term or geographic name entry element Geology
Geographic subdivision North Dakota.
740 0# - ADDED ENTRY--UNCONTROLLED RELATED/ANALYTICAL TITLE
Uncontrolled related/analytical title Winnipeg and Deadwood formations in North Dakota.

No items available.

Powered by Koha